000 00748nam a2200253Ia 4500
003 OSt
005 20220928102613.0
006 a|||||r|||| 00| 0
007 ta
008 220927b |||||||| |||| 00| 0 eng d
020 _cINR 225.00
024 _a134106
037 _b0282, 08/03/2017, Bookwell Publications
_cTextual
040 _aSDCL
_cSDCL
_beng
041 _2eng
_aeng
082 _aX:8, Q1 LR
100 _aBeahm George Ed.
_9399280
245 0 _aI, Steve
_b Steve jobs in his own words
260 _aNoida
_bHarpercollins
_c2011
300 _a168p.
_ccm.
650 _aReference
942 _hX:8, Q1 LR
_cTEXL
_2CC
999 _c715144
_d715144